Algal indicators of water pollution by Braj Nandan Prasad and Yashpal Singh (Record no. 1209288)

MARC details
000 -LEADER
fixed length control field 01105nam a2200289Ia 4500
003 - CONTROL NUMBER IDENTIFIER
control field OSt
005 - DATE AND TIME OF LATEST TRANSACTION
control field 20221007121740.0
008 - FIXED-LENGTH DATA ELEMENTS--GENERAL INFORMATION
fixed length control field 221006b |||||||| |||| 00| 0 eng d
020 ## - INTERNATIONAL STANDARD BOOK NUMBER
International Standard Book Number 812110128X (hbd)
037 ## - SOURCE OF ACQUISITION
Terms of availability Textual
040 ## - CATALOGING SOURCE
Original cataloging agency BDL
Transcribing agency BDL
Language of cataloging eng
041 ## - LANGUAGE CODE
Source of code eng
Language code of text/sound track or separate title eng
100 ## - MAIN ENTRY--PERSONAL NAME
Personal name Prasad Braj Nandan
9 (RLIN) 712848
245 #0 - TITLE STATEMENT
Title Algal indicators of water pollution by Braj Nandan Prasad and Yashpal Singh
Remainder of title Singh Yashpal
260 ## - PUBLICATION, DISTRIBUTION, ETC.
Place of publication, distribution, etc. Dehra
Name of publisher, distributor, etc. Dun Bishen Singh Mahendra Pal Singh
Date of publication, distribution, etc. 1996
300 ## - PHYSICAL DESCRIPTION
Extent vii,263p
Dimensions cm.
500 ## - GENERAL NOTE
General note Bibliographical references 230-263p; ^n23/CSL/Carb/2000-2001/240^d2000-10-12^mPurchase; ; 2000-2001/321^b2000-11-01^c382^d2000-10-23^eRs.9,522.00^fBishen Singh Mahendra Pal Singh; ; 2000-11-03^bSB^c2000-12-12^dSK
650 ## - SUBJECT ADDED ENTRY--TOPICAL TERM
Topical term or geographic name entry element River algae
9 (RLIN) 712849
650 ## - SUBJECT ADDED ENTRY--TOPICAL TERM
Topical term or geographic name entry element Botany
700 ## - ADDED ENTRY--PERSONAL NAME
Personal name Singh Yashpal
9 (RLIN) 712850
942 ## - ADDED ENTRY ELEMENTS (KOHA)
Classification part I22-95576, [N6]
Koha item type Textual
Source of classification or shelving scheme Colon Classification (CC)
Holdings
Withdrawn status Lost status Source of classification or shelving scheme Damaged status Not for loan Home library Current library Date acquired Source of acquisition Total Checkouts Full call number Barcode Date last seen Price effective from Koha item type
    Colon Classification (CC)     Department of Botany Library Department of Botany Library 2022-10-07 Bishen,   I22-95576 [N6] BD0004662 2022-10-07 2022-10-07 Textual
Copyright @ Delhi University Library System